| 000 | 00471nam a22001337a 4500 | ||
|---|---|---|---|
| 082 |
_a624.1834 _bMAN _cD |
||
| 110 |
_aThe Institute of structural engineering. _943257 |
||
| 245 |
_aManual for the design of reinforced concrete building structures / _cThe Institute of structural engineering. |
||
| 260 |
_aUK : _bThe Institute of structural engineering. _c1985. |
||
| 300 | _a88 p. : | ||
| 526 |
_a0 _b0 _c0 _d624_183400000000000_MAN |
||
| 650 |
_aMCE _9379 |
||
| 942 |
_2ddc _cBK |
||
| 999 |
_c547067 _d547067 |
||